Electrical properties of materials / (Record no. 30344)

000 -LEADER
fixed length control field 00739 a2200193 4500
020 ## - INTERNATIONAL STANDARD BOOK NUMBER
International Standard Book Number 0199565929
020 ## - INTERNATIONAL STANDARD BOOK NUMBER
International Standard Book Number 9780199565924
082 ## - DEWEY DECIMAL CLASSIFICATION NUMBER
Classification number 620.11297
090 ## - LOCALLY ASSIGNED LC-TYPE CALL NUMBER (OCLC); LOCAL CALL NUMBER (RLIN)
-- 1737
-- 1737
100 1# - MAIN ENTRY--PERSONAL NAME
Personal name Solymar, Laszlo.
245 10 - TITLE STATEMENT
Title Electrical properties of materials /
Statement of responsibility, etc. Laszlo Solymar, Donald Walsh.
250 ## - EDITION STATEMENT
Edition statement 8th ed.
260 ## - PUBLICATION, DISTRIBUTION, ETC.
Place of publication, distribution, etc. [S.l.] :
Name of publisher, distributor, etc. Oxford University Press,
Date of publication, distribution, etc. 2009.
300 ## - PHYSICAL DESCRIPTION
Extent 464 p. ;
Dimensions 25 cm.
700 1# - ADDED ENTRY--PERSONAL NAME
Personal name Walsh, Donald.
942 ## - ADDED ENTRY ELEMENTS (KOHA)
Institution code [OBSOLETE] SNS
Koha item type Book
Call number prefix 620.11297 SOL
Holdings
Withdrawn status Lost status Damaged status Not for loan Permanent Location Current Location Date acquired Total Checkouts Full call number Barcode Date last seen Price effective from Koha item type
        School of Natural Sciences (SNS) School of Natural Sciences (SNS) 05/26/2016   620.11297 SOL SNS0002098 10/23/2017 05/26/2016 Book
        School of Natural Sciences (SNS) School of Natural Sciences (SNS) 05/26/2016   620.11297 SOL SNS0002096 04/03/2024 05/26/2016 Book
© 2023 Central Library, National University of Sciences and Technology. All Rights Reserved.